Las Relaciones entre Europa Occidental y América Latina: una profundización esquiva /
sin resumen
Guardado en:
| Hovedforfatter: | |
|---|---|
| Format: | Texto |
| Fag: | |
| Tags: |
Tilføj Tag
Ingen Tags, Vær først til at tagge denne postø!
|
MARC
| LEADER | 00000 a a2200000 04500 | ||
|---|---|---|---|
| 001 | 7632 | ||
| 003 | |||
| 040 | |||
| 100 | |a Klaveren, Alberto van | ||
| 245 | |a Las Relaciones entre Europa Occidental y América Latina: |b una profundización esquiva / |c Alberto van Klaveren | ||
| 520 | |a sin resumen | ||
| 650 | |a RELACIONES INTERNACIONALES | ||
| 650 | |a RELACIONES ECONOMICAS | ||
| 650 | |a RELACIONES ECONOMICAS INTERNACIONALES | ||
| 650 | |a POLITICA EXTERIOR | ||
| 650 | |a DIPLOMACIA | ||
| 773 | |g volumen 22, número 87; páginas 342-364 | ||
| 999 | |c 26288 |d 26288 | ||
| 773 | 0 | |0 42022 |9 4727 |a Universidad de Chile. |d Santiago, Chile: Instituto de Estudios Internacionales de la Universidad de Chile |o MFN: 0954 |t Estudios Internacionales / |x 07160240 | |
